All National League Teams Ever - Statistics

General Stats
  • This quiz has been taken 165 times
    97 since last reset
  • The average score is 76 of 115
Answer Stats
Answer % Correct
York
98%
AFC Wimbledon
95%
Carlisle United
95%
Chester
95%
Chesterfield
93%
Morecambe
93%
Scunthorpe United
93%
Wrexham
93%
Crawley Town
92%
Luton Town
92%
Oldham Athletic
92%
Accrington Stanley
90%
Barnet
90%
Barrow
90%
Grimsby Town
90%
Newport County
90%
Stockport County
90%
Yeovil Town
90%
Forest Green
89%
Harrogate Town
89%
Boston United
87%
Bromley
87%
Fleetwood Town
87%
Gateshead
87%
Lincoln City
87%
Notts County
87%
Southend United
87%
Tranmere Rovers
87%
Aldershot Town
85%
Cambridge United
85%
Dagenham and Redbridge
85%
Kidderminster Harriers
85%
Woking
84%
Altrincham
82%
Cheltenham Town
82%
Hartlepool United
82%
Rochdale
82%
Salford City
82%
Solihull Moors
82%
Bristol Rovers
80%
Maidstone United
80%
Truro City
80%
Burton Albion
79%
Colchester United
79%
Darlington
79%
Doncaster Rovers
79%
Leyton Orient
79%
Scarborough
79%
Sutton United
79%
Wycombe Wanderers
79%
Exeter City
77%
Hereford United
77%
Shrewsbury Town
77%
Southport
77%
Stevenage
77%
Boreham Wood
75%
Halifax Town
75%
Macclesfield Town
75%
Bath City
74%
Eastleigh
74%
Mansfield Town
74%
Tamworth
72%
Torquay United
72%
AFC Fylde
70%
Dover Athletic
70%
Maidenhead United
69%
Oxford City
67%
Rushden and Diamonds
66%
Wealdstone
66%
AFC Telford
64%
Brackley Ton
62%
Braintree Town
62%
Telford United
62%
Dorking Wanderers
61%
King's Lynn
61%
Chorley
59%
Ebbsfleet United
59%
Oxford United
59%
Kettering Town
57%
Enfield FC
56%
Dartford
51%
Farnborough Town
51%
Slough Town
51%
Alfreton Town
48%
Welling United
48%
Weymouth
48%
Salisbury City
46%
Hednesford Town
44%
Merthyr Tydfil
43%
Farsley Celtic
41%
Runcorn FC
41%
Northwich Victoria
39%
St Albans
38%
Havant and Waterlooville
36%
Nuneaton Borough
36%
Grays Athletic
34%
Guiseley
34%
Leigh RMI
34%
Stalybridge Celtic
34%
Chester City
33%
Lewes
33%
Margate
33%
North Ferriby United
33%
Canvey Island
28%
Hayes FC
28%
Stafford Rangers
28%
Hyde
26%
Bromsgrove Rovers
25%
Kingstonian
25%
Leek Town
23%
Fisher Athletic
20%
Witton Albion
20%
FC Halifax Town
16%
Aylesbury United
15%
Frickley Athletic
11%
No matching quizzes found
Score Distribution
Percent of People with Each Score
Percentile by Number Answered
Your Score History
You have not taken this quiz since the last reset